| 000 | 00778nam a22002177a 4500 | ||
|---|---|---|---|
| 005 | 20240530110337.0 | ||
| 008 | 141021s2005 ua fr 000 0 ara d | ||
| 017 | _a17756/2005 | ||
| 020 | _a9772709422 | ||
| 040 | _aEG-CaGPL | ||
| 082 | 0 | 4 |
_221 _a929.97\ _bق/ع غ |
| 100 | 0 | _aعباس الطرابيلى | |
| 245 | 1 |
_aغرائب الاسماء المصرية والعربية / _cعباس الطرابيلى |
|
| 260 |
_aالقاهرة : _bالدار المصرية اللبنانية ، _c2005 |
||
| 300 |
_a267 ص ؛ _c24 سم |
||
| 650 | 0 | 4 | _aاسماء الاشخاص |
| 650 | 0 | 4 | _aالرتب والالقاب |
| 650 | 0 | 4 |
_aاسماء الاشخاص _xمعانى _zمصر |
| 942 |
_2ddc _cBK |
||
| 999 |
_c59809 _d59809 |
||